000
00308nam a2200109Ia 4500
005
20251222144802.0
008
251222s9999||||xx |||||||||||||| ||spa||
082
_a
374.012/P66
245
0
_a
Planes y Programas de Estudio de Educación Primaria de Adultos:
264
_b
Ministerio de Educación
942
_c
LIB
999
_c
19774
_d
19774